000 02509nam0a2200361 i 4500
001 RU\NLR\BIBL_A\010194465
005 20260408113150.0
010 _a9785502002516
_944
021 _aRU
_b2013-105744
_97350
035 _a(NILC)RuMoRGB-006718506
035 _a(NLR Aleph) 010194465
090 _a10214503
_c10214503
100 _a20140224d2013 km y0rusy50 ca
101 0 _arus
102 _aRU
105 _aa|||z|||100yy
200 1 _aМолодежь города - город молодежи. Творчество - основа личности
_eматериалы XI Всероссийской открытой научно-практической молодежной конференции с молодежным участием, Дзержинск, 16 мая 2013 г.
_f[редкол.: А. М. Петровский (пред.) и др.]
210 _aНижний Новгород
_cНижегородский гос. технический ун-т
_d2013
215 _a158 с.
_cил.
_d20
300 _aВ надзаг.: М-во образования и науки Российской Федерации, Гос. бюджетное образовательное учреждение высш. проф. образования "Нижегородский гос. технический ун-т им. Р. Е. Алексеева", Дзержинский политехнический ин-т (фил.)
320 _aБиблиогр. в конце ст.
517 1 _aТворчество - основа личности
606 1 _aОбразовательные учреждения
_jСъезды, совещания и т.п
_xНаучно-исследовательская работа учащихся
_92524752
_3RU\NLR\AUTH\661495824
675 _a082
686 1 _aЧ312.68я431
702 1 _aПетровский
_bА. М.
_gАлександр Михайлович
_4340
711 1 2 _a"Молодежь города - город молодежи. Творчество - основа личности", всероссийская открытая научно-практическая молодежная конференция с международным участием
_d11
_eДзержинск
_f2013
_9393530
_3RU\NLR\AUTH\880363263
801 0 _aRU
_bRuMoRKP
_c20131230
_gRCR
801 2 _aRU
_bРГБ
_c20140122
_grcr
942 _cBOOK
980 _aNBR